000 01462nab a22002777a 4500
999 _c5689
_d5689
003 OSt
005 20251227002819.0
008 190603e xxum|||| |||| 00| 0 spa d
040 _cPJ
100 _96631
_aSahián, José H.
245 1 3 _aLa influencia del Código Civil y Comercial en la actual convencionalización del derecho de los consumidores y en la futura horizontalidad de los derechos humanos /
_cJosé H. Sahián.
260 _cCiudad Autónoma de Buenos Aires :
_aThomson Reuters La Ley,
_b2025.
300 _ap. 253-267
500 _aCita: TR LALEY AR/DOC/1762/2025 Publicado en: RCCyC 2025 (agosto).
505 _aSumario: I. Introducción: constitucionalización del derecho privado.— II. Convencionalización del derecho privado en general y de los consumidores en particular.— III. Privatización de la convencionalización.— IV. Consideraciones finales.
505 _t¿Te interesa el texto completo? Solicitalo al correo: koha@justierradelfuego.gov.ar
650 0 _91497
_aCODIGO CIVIL Y COMERCIAL
650 0 _92608
_aDERECHOS DEL CONSUMIDOR
650 0 _9614
_aDERECHOS HUMANOS
650 0 _92597
_aDEFENSA DEL CONSUMIDOR
650 0 _9843
_aOBLIGACIONES
650 0 _96132
_aCONTROL DE CONVENCIONALIDAD
650 0 _9755
_aCONTROL DE CONSTITUCIONALIDAD
773 0 _02713
_93170
_dCiudad Autónoma de Buenos Aires : Thomson Reuters La Ley, 2015-
_tRevista Código Civil y Comercial. Nº 4 - Agosto 2025
942 _2udc
_cANA